000 00519 a2200181 4500
999 _c8545
_d8545
020 _a9780224093750 (hbk)
020 _a0224093754 (hbk)
050 0 0 _aPR6063.MYE 2011
100 1 _aMyerson, Julie.
_eauthor
245 1 0 _aThen /
_cJulie Myerson.
264 _aLondon:
_bJonathan cape.,
_c2011
300 _a296 p. ;
500 _alncludes index
650 0 _aSurvival
651 0 _aLondon (England)
942 _2lcc
_cBK
_h6063.748
_iMYE
_kPR